000 00525cam a2200193ua 4500
001 1409
008 110708n ii |||gr||||Z||||||eng
040 _cMAIN
082 _a338.542
100 _aCauvery, R.,
_eAuthor.
245 1 _aBusiness economics
_cby R. Cauvery
260 _aNew Delhi:
_bSterling publishers pvt. ltd,997.
300 _aviii; 521p:
_bill;
_c23cm.
653 _aEconomics
653 _aBusiness economics
700 _aNayak, U. K. Sudha,
_eCo-author.
700 _aGirija, M.,
_eCo-author.
942 _cBK
999 _c1300
_d1300